All Masters 1000 SF Lineups in the 2020s - Statistics

General Stats
  • This quiz has been taken 102 times
    6 since last reset
  • The average score is 118 of 224
Answer Stats
Year Tournament Rd. Answer % Correct
2020 Cincinnati W Novak Djokovic
100%
2020 Rome W Novak Djokovic
100%
SF Novak Djokovic
100%
F Novak Djokovic
100%
2021 Paris W Novak Djokovic
100%
SF Novak Djokovic
100%
SF Novak Djokovic
100%
2022 Rome W Novak Djokovic
100%
F Novak Djokovic
100%
2022 ATP Finals W Novak Djokovic
100%
2023 Cincinnati W Novak Djokovic
100%
2023 Paris W Novak Djokovic
100%
2023 ATP Finals W Novak Djokovic
100%
SF Novak Djokovic
100%
F Novak Djokovic
100%
F Novak Djokovic
100%
SF Novak Djokovic
100%
F Alexander Zverev
67%
2021 Madrid W Alexander Zverev
67%
2021 Cincinnati W Alexander Zverev
67%
SF Alexander Zverev
67%
2021 ATP Finals W Alexander Zverev
67%
SF Alexander Zverev
67%
F Alexander Zverev
67%
SF Alexander Zverev
67%
SF Alexander Zverev
67%
2024 Rome W Alexander Zverev
67%
SF Alexander Zverev
67%
2024 Paris W Alexander Zverev
67%
SF Alexander Zverev
67%
SF Alexander Zverev
67%
SF Alexander Zverev
67%
SF Alexander Zverev
67%
SF Alexander Zverev
67%
SF Alexander Zverev
67%
SF Alexander Zverev
67%
F Alexander Zverev
67%
2025 Toronto W Ben Shelton
67%
2022 Cincinnati W Borna Ćorić
67%
SF Borna Ćorić
67%
SF Carlos Alcaraz
67%
2022 Miami W Carlos Alcaraz
67%
2022 Madrid W Carlos Alcaraz
67%
2023 Indian Wells W Carlos Alcaraz
67%
SF Carlos Alcaraz
67%
2023 Madrid W Carlos Alcaraz
67%
F Carlos Alcaraz
67%
SF Carlos Alcaraz
67%
2024 Indian Wells W Carlos Alcaraz
67%
SF Carlos Alcaraz
67%
2025 Monte Carlo W Carlos Alcaraz
67%
2025 Rome W Carlos Alcaraz
67%
2025 Cincinnati W Carlos Alcaraz
67%
SF Carlos Alcaraz
67%
F Carlos Alcaraz
67%
SF Casper Ruud
67%
SF Casper Ruud
67%
SF Casper Ruud
67%
F Casper Ruud
67%
SF Casper Ruud
67%
SF Casper Ruud
67%
F Casper Ruud
67%
SF Casper Ruud
67%
F Casper Ruud
67%
SF Casper Ruud
67%
2025 Madrid W Casper Ruud
67%
F Casper Ruud
67%
2020 Paris W Daniil Medvedev
67%
2020 ATP Finals W Daniil Medvedev
67%
2021 Toronto W Daniil Medvedev
67%
SF Daniil Medvedev
67%
F Daniil Medvedev
67%
F Daniil Medvedev
67%
SF Daniil Medvedev
67%
F Daniil Medvedev
67%
2023 Miami W Daniil Medvedev
67%
2023 Rome W Daniil Medvedev
67%
SF Daniil Medvedev
67%
F Daniil Medvedev
67%
SF Daniil Medvedev
67%
SF Daniil Medvedev
67%
SF Daniil Medvedev
67%
F Daniil Medvedev
67%
SF Daniil Medvedev
67%
SF Félix Auger-Aliassime
67%
F Félix Auger-Aliassime
67%
F Félix Auger-Aliassime
67%
SF Frances Tiafoe
67%
F Frances Tiafoe
67%
F Jannik Sinner
67%
SF Jannik Sinner
67%
F Jannik Sinner
67%
SF Jannik Sinner
67%
2023 Toronto W Jannik Sinner
67%
F Jannik Sinner
67%
SF Jannik Sinner
67%
2024 Miami W Jannik Sinner
67%
SF Jannik Sinner
67%
2024 Cincinnati W Jannik Sinner
67%
2024 Shanghai W Jannik Sinner
67%
2024 ATP Finals W Jannik Sinner
67%
F Jannik Sinner
67%
F Jannik Sinner
67%
2025 Paris W Jannik Sinner
67%
2026 Indian Wells W Jannik Sinner
67%
2026 Miami W Jannik Sinner
67%
2026 Monte Carlo W Jannik Sinner
67%
2026 Madrid W Jannik Sinner
67%
2026 Rome W Jannik Sinner
67%
SF Jiří Lehečka
67%
F Jiří Lehečka
67%
SF Karen Khachanov
67%
SF Karen Khachanov
67%
F Karen Khachanov
67%
SF Rafael Nadal
67%
SF Rafael Nadal
67%
SF Rafael Nadal
67%
2021 Rome W Rafael Nadal
67%
F Rafael Nadal
67%
SF Stefanos Tsitsipas
67%
2021 Monte Carlo W Stefanos Tsitsipas
67%
SF Stefanos Tsitsipas
67%
SF Stefanos Tsitsipas
67%
2022 Monte Carlo W Stefanos Tsitsipas
67%
SF Stefanos Tsitsipas
67%
F Stefanos Tsitsipas
67%
F Stefanos Tsitsipas
67%
SF Stefanos Tsitsipas
67%
SF Stefanos Tsitsipas
67%
SF Stefanos Tsitsipas
67%
2024 Monte Carlo W Stefanos Tsitsipas
67%
SF Taylor Fritz
67%
2022 Indian Wells W Taylor Fritz
67%
SF Taylor Fritz
67%
SF Taylor Fritz
67%
SF Taylor Fritz
67%
SF Taylor Fritz
67%
F Taylor Fritz
67%
SF Taylor Fritz
67%
SF Taylor Fritz
67%
SF Tommy Paul
67%
SF Tommy Paul
67%
SF Tommy Paul
67%
SF Tommy Paul
67%
SF Alexander Blockx
33%
SF Alexander Bublik
33%
F Alex de Minaur
33%
SF Alex de Minaur
33%
SF Andrey Rublev
33%
F Andrey Rublev
33%
F Andrey Rublev
33%
SF Andrey Rublev
33%
SF Andrey Rublev
33%
2023 Monte Carlo W Andrey Rublev
33%
F Andrey Rublev
33%
SF Andrey Rublev
33%
2024 Madrid W Andrey Rublev
33%
F Andrey Rublev
33%
SF Arthur Fils
33%
SF Arthur Fils
33%
F Arthur Rinderknech
33%
2021 Indian Wells W Cameron Norrie
33%
SF Cameron Norrie
33%
SF Denis Shapovalov
33%
F Diego Schwartzman
33%
F Dominic Thiem
33%
SF Dominic Thiem
33%
2022 Paris W Holger Rune
33%
F Holger Rune
33%
F Holger Rune
33%
SF Holger Rune
33%
SF Holger Rune
33%
F Holger Rune
33%
2021 Miami W Hubert Hurkacz
33%
SF Hubert Hurkacz
33%
SF Hubert Hurkacz
33%
F Hubert Hurkacz
33%
SF Hubert Hurkacz
33%
2023 Shanghai W Hubert Hurkacz
33%
2025 Indian Wells W Jack Draper
33%
F Jack Draper
33%
2025 Miami W Jakub Menšík
33%
F Lorenzo Musetti
33%
SF Lorenzo Musetti
33%
SF Lorenzo Musetti
33%
SF Luciano Darderi
33%
F Milos Raonic
33%
SF Milos Raonic
33%
SF Roberto Bautista Agut
33%
SF Roberto Bautista Agut
33%
SF Térence Atmane
33%
2025 Shanghai W Valentin Vacherot
33%
SF Valentin Vacherot
33%
F Alejandro Davidovich Fokina
0%
SF Alejandro Davidovich Fokina
0%
SF Alejandro Davidovich Fokina
0%
SF Alejandro Tabilo
0%
2024 Montreal W Alexei Popyrin
0%
SF Aslan Karatsev
0%
SF Daniel Evans
0%
SF Daniel Evans
0%
SF Francisco Cerúndolo
0%
SF Francisco Cerúndolo
0%
SF Grigor Dimitrov
0%
SF Grigor Dimitrov
0%
SF Grigor Dimitrov
0%
F Grigor Dimitrov
0%
F Grigor Dimitrov
0%
SF Grigor Dimitrov
0%
SF Grigor Dimitrov
0%
F Jan-Lennard Struff
0%
SF John Isner
0%
SF Lorenzo Sonego
0%
SF Matteo Arnaldi
0%
F Matteo Berrettini
0%
F Nicolás Jarry
0%
F Nikoloz Basilashvili
0%
2022 Montreal W Pablo Carreño Busta
0%
SF Reilly Opelka
0%
F Reilly Opelka
0%
SF Sebastian Korda
0%
SF Sebastian Korda
0%
SF Tomáš Machač
0%
F Ugo Humbert
0%
No matching quizzes found
Score Distribution
Percent of People with Each Score
Percentile by Number Answered
Your Score History
You have not taken this quiz since the last reset